| 000 | 00344nam a2200097Ia 4500 | ||
|---|---|---|---|
| 082 | _a248.4 MACM | ||
| 245 | 0 | _aBeleef die avontuur : gryp die potensiaal van 'n lewe saam met God aan | |
| 100 |
_a McMANUS, Erwin Raphael Kaapstad, 2003 1ste Suid-Afrikaanse uitg _996465 |
||
| 942 | _cBK | ||
| 008 | 210817s9999 xx 000 0 und d | ||
| 999 |
_c405351 _d405350 |
||